Hábitos alimentarios de diez especies de peces del piedemonte del departamento del Casanare, Colombia (Registro nro. 16370)

Detalles MARC
000 -CABECERA
Campo de control 011490000a22003370004500
090 ## - CLASIFICACIÓN LOCAL
Colección SERIADAS
044 ## - PAÍS DE PUBLICACIÓN
País de publicación
041 0# - IDIOMA
Código de idioma para texto/pista de sonido o título separado
100 1# - ASIENTO PRINCIPAL--NOMBRE PERSONAL
Nombre personal Zamudio, Jhon
245 10 - MENCION DE TITULO
Título Hábitos alimentarios de diez especies de peces del piedemonte del departamento del Casanare, Colombia
651 #4 - ASIENTO SECUNDARIO DE MATERIA - NOMBRE GEOGRAFICO
-- Casanare
651 #4 - ASIENTO SECUNDARIO DE MATERIA - NOMBRE GEOGRAFICO
-- Orinoquia
653 ## - TERMINO DE INDIZACION - NO CONTROLADO
-- Parodon buckleyi
653 ## - TERMINO DE INDIZACION - NO CONTROLADO
-- Bryconamericus alpha
653 ## - TERMINO DE INDIZACION - NO CONTROLADO
-- Bryconamericus cismontanus
653 ## - TERMINO DE INDIZACION - NO CONTROLADO
-- Bryconamericus loisae
653 ## - TERMINO DE INDIZACION - NO CONTROLADO
-- Creagrutus bolivari
653 ## - TERMINO DE INDIZACION - NO CONTROLADO
-- Odontostilbe pulchra
653 ## - TERMINO DE INDIZACION - NO CONTROLADO
-- Trichomycterus knerii
653 ## - TERMINO DE INDIZACION - NO CONTROLADO
-- Chaetostoma milesi
653 ## - TERMINO DE INDIZACION - NO CONTROLADO
-- Chaetostoma sovichthys
653 ## - TERMINO DE INDIZACION - NO CONTROLADO
-- Cetopsorhamdia orinoco
700 1# - ASIENTO SECUNDARIO - NOMBRE PERSONAL
Nombre personal Urbano Bonilla, Alexander
700 1# - ASIENTO SECUNDARIO - NOMBRE PERSONAL
Nombre personal Maldonado Ocampo, Javier Alejandro
700 1# - ASIENTO SECUNDARIO - NOMBRE PERSONAL
Nombre personal Bogotá Gregory, Juan David
700 1# - ASIENTO SECUNDARIO - NOMBRE PERSONAL
Nombre personal Cortés Millán, Gilberto Augusto
773 1# - Item fuente:
Título Dahlia
Datos de la serie Revista de la Asociación Colombiana de Ictiólogos
Descripción física 10
Paginas del Articulo 43-55
Lugar, editorial y fecha de publicación 2008
942 ## - ELEMENTOS ADICIONALES (KOHA)
Tipo de ítem Artículo

No hay ítems disponibles.